000 00480nam a2200181 4500
003 SEACOMMC
005 20250429152904.0
008 250101b |||||||| |||| 00| 0 eng d
020 _a978-81-2592-347-3
_cRs.235.00
040 _aSEACOMMC
082 _a 658.15
_bD 991
100 _aDwivedi, D.N.
245 1 _aManagerial Economics
_cD.N. Dwivedi
250 _a6th rev.ed.
260 _a New Delhi
_b Vikas Publishing House
_c 2002
650 _a Decision making
942 _cBOOK
999 _c961
_d961